Culture Générale - Série 897 - Statistiques

Statistiques générales
  • Ce quiz a été pris 197 fois
  • Le résultat moyen est 4 sur 10
Statistiques - réponses
Question Réponse % Correct
Sur quelle île italienne se trouve la ville de Cagliari ? Sardaigne
91%
En Afrique, avec ses noix l'on fabrique du beurre de ... karité
75%
Dans quel pays est située la région des Aurès ? Algérie
71%
De quel pays africain Maseru est-elle la capitale ? Lesotho
49%
Quelle est la nationalité du cinéaste Youssef Chahine ? égyptienne
44%
Le port de la Rome antique s'appelait ... Ostie
25%
La goule est une créature mythique du folklore arabe que l'on peut assimiler à un ... vampire
18%
Quel acteur est le partenaire principal d'Ingrid Bergman dans “Les Enchaînés” ? Cary Grant
14%
Le tridacne géant est le plus gros mollusque bivalve marin connu et comestible qui peut atteindre les 250 kg. Il est appelé également ... bénitier
13%
Dans le monde ostréicole, qu'appelle-t-on une "plate" ? bateau
9%
Aucun quiz correspondant
Distribution des résultats
% des personnes avec chaque résultat
Percentile par nombre de réponses
Votre historique - résultats
Vous n’avez pas pris ce quiz